Načítá se...
Domestic violence : women's protection /
The book primarily focuses on protection of women from domestic violence Acts. The concept of service of provider is introduced in the Act for the purpose of enabling any voluntary organization to more actively and efficiently help of women protection of domestic violence. The book also light on var...
| Hlavní autor: | |
|---|---|
| Médium: | Printed Book |
| Jazyk: | English |
| Vydáno: |
Jaipur:
Yking Books,
c2018.
|
| Vydání: | 1st edition |
| Témata: |
| LEADER | 01392nam a22002537a 4500 | ||
|---|---|---|---|
| 007 | ta | ||
| 008 | 200723b ||||| |||| 00| 0 eng d | ||
| 020 | |a 9789385528934 |c INR1395 | ||
| 041 | |a eng | ||
| 082 | |2 23 |a 345.5402555 | ||
| 100 | |a Sing,Jagbir |9 23530 | ||
| 245 | |a Domestic violence : |b women's protection / |c Jagbir Singh | ||
| 250 | |a 1st edition | ||
| 260 | |a Jaipur: |b Yking Books, |c c2018. | ||
| 300 | |a 222 pages | ||
| 520 | |a The book primarily focuses on protection of women from domestic violence Acts. The concept of service of provider is introduced in the Act for the purpose of enabling any voluntary organization to more actively and efficiently help of women protection of domestic violence. The book also light on various themes such as domestic violence and other problems of women, etc. Such reports help in reviewing the loop holes in the exciting laws and policies available for women facing domestic violence. | ||
| 546 | |a In english. | ||
| 650 | 0 | |2 FAST Subject Headings |a Women--Legal status, laws | |
| 650 | 0 | |a India |9 23537 | |
| 650 | 0 | |2 FAST Subject Headings |a Women--Violence against | |
| 650 | 0 | |2 FAST Subject Headings |a Family violence--Law and legislation |9 23539 | |
| 942 | |c BK | ||
| 999 | |c 351996 |d 351996 | ||
| 952 | |0 0 |1 0 |2 ddc |4 0 |6 345_540255500000000_SIN_D |7 0 |9 406689 |a WMS |b WMS |c ST1 |d 2020-07-23 |i 1658 |l 0 |o 345.5402555 SIN/D |p WMS1658 |r 2020-07-23 |v 1395.00 |w 2020-07-23 |y BK | ||